Сонати за флейта и пиано (Запис номер 317171)
[ съкратено ]
| 000 -Лидер | |
|---|---|
| Контролно поле с фиксирана дължина | 01290ncm a2200385 c 4500 |
| 003 - Код на организацията, давaща контролен номер | |
| Контролно поле | BLK |
| 005 - Дата и час на последна редакция | |
| Контролно поле | 20250127155654.0 |
| 008 - Елементи от данни с фиксирана дължина | |
| fixed length control field | 180414b bul |a|er|||| |0| c|bulo| |
| 010 ## - Наследен системен номер | |
| LC control number | NOT00003267000 |
| 040 ## - Източник на каталожния запис | |
| Идентификатор на билиотеката - собственик на записа | BLK |
| 041 ## - Код за език | |
| Код за езика на текст/звукозапис или на отделно заглавие | Български |
| Код за езика КДБФ | Български |
| 080 ## - УДК | |
| Текстов определител УДК | Флейта. Сонати |
| УДК код - определител по УДК | 788.5.082.2 |
| УДК - код + определител | 788.5.082.2 |
| 100 ## - Редна дума - Автор | |
| Автор | Бах, Йохан Кристиян |
| R(LIN) | 361892 |
| 139 ## - Редно поле | |
| Редна дума | Бах, Йохан Кристиян |
| Авторски знак | Бах - Б 30 |
| 245 10 - Сведения за заглавието | |
| Заглавие | Сонати за флейта и пиано |
| Редно поле (дума) | Йохан Кристиян Бах; състав. и ред. Йордан Киндалов. |
| 254 ## - Сведения за формата на нотното издание | |
| Формат на описваните ноти | Клавир+щим |
| 257 ## - Страна на издаване | |
| Страна на създаване/издаване | България |
| 260 ## - Област на издателските данни | |
| Име на издателя, разпространителя и проч. | Музика |
| Година на издаване | 1983 |
| 300 ## - Физическа характеристика | |
| Страници | 62 с. |
| Размери/Мащаб | 33 см |
| Съпровождащи материали | щим 20 с. |
| 380 ## - Жанр | |
| Жанр | Изкуство |
| 650 #4 - Допълнително описание по предмет – тема | |
| Основно описание – тема или топоним | Флейта - пиеси, сонати, сюити |
| 9 (RLIN) | 354610 |
| 650 #0 - Допълнително описание по предмет – тема | |
| Основно описание – тема или топоним | Дуо - флейта и пиано |
| 9 (RLIN) | 354035 |
| 653 ## - Ключова дума – ненормативна | |
| Ключова дума | флейта |
| 653 ## - Ключова дума – ненормативна | |
| Ключова дума | сонати |
| 700 1# - Други автори (авторска отговорност) | |
| Лично име | Киндалов, Йордан |
| Автороска отговорност (Описва отношението между автора и произведението) | състав. и ред. |
| 9 (RLIN) | 362942 |
| 852 ## - Местоположение | |
| Форматна сигнатура | Цб М ІІ 9174 |
| Част | 0 |
| 856 4# - Електронен адрес и достъп | |
| Електронен формат | pdf - файл |
| Път до файла /url/ | |
| 856 4# - Електронен адрес и достъп | |
| Електронен формат | pdf - файл |
| Път до файла /url/ | |
| 999 ## - СИСТЕМНИ КОНТРОЛНИ НОМЕРА | |
| Koha biblionumber | 317171 |
| Koha biblioitemnumber | 317171 |
| 942 ## - АРТИКУЛИ | |
| Вид на библиотечния материал | Нотни издания |
| Скрит в OPAC | Не |
| Периодичен библиозапис | Да |
| 944 ## - СЪЗДАВАНЕ И РЕДАКЦИЯ на ЗАПИСА | |
| Създаване/Редакция | Създаване |
| Дата на регистрацията/редакция | 02.10.2010 |
| Служител, извършил регистрацията/редакцията | 30560 |
| Статус, дата на статуса | Геновева Генчева |
| 944 ## - СЪЗДАВАНЕ И РЕДАКЦИЯ на ЗАПИСА | |
| Създаване/Редакция | Редакция |
| Дата на регистрацията/редакция | 02.10.2010 |
| 999 ## - СИСТЕМНИ КОНТРОЛНИ НОМЕРА | |
| Koha biblioitemnumber | 317171 |
| 999 ## - СИСТЕМНИ КОНТРОЛНИ НОМЕРА | |
| Koha biblioitemnumber | 317171 |
| 999 ## - СИСТЕМНИ КОНТРОЛНИ НОМЕРА | |
| Koha biblioitemnumber | 317171 |
| Код за отписване | Код за изгубен артикул | Източник на класификационната схема | Код за повреда | Коз за рестрикции | Код за отдаване | Артикулен № | Име на библиотеката - собственик | Име на библиотеката, в която се намира в момента | Статус (Текущо местоположение) | Дата на вписване в системата | Местоположение - отдел | Цена в лева | Инвентарен номер | Систематично азбучна сигнатура | Баркод | Номер на екземпляра | Цена в евро | Служебна бележка | Служебен тип на артикула |
|---|---|---|---|---|---|---|---|---|---|---|---|---|---|---|---|---|---|---|---|
| Не е изгубен | Universal Decimal Classification | Не е повреден | само за читалня | ползва се в читалня | 670091 | Регионална библиотека "Любен Каравелов" Русе | Регионална библиотека "Любен Каравелов" Русе | Хранилище | 1984-01-01 | Хранилище | 4.97 | 379546 | Цб М ІІ 9174 | 120000379546 | 1 | 2.54 | N: стар фонд Дата: 01.01.1984 Бележки инв: Ирена_Линк Съставил: Ирена_Линкова | Нотни издания | |
| Не е изгубен | Universal Decimal Classification | Не е повреден | без рестрикции | заемане за дома | 670092 | Регионална библиотека "Любен Каравелов" Русе | Регионална библиотека "Любен Каравелов" Русе | Отдел Изкуство - подръчен фонд | 1984-01-01 | Отдел Изкуство - подръчен фонд | 4.97 | 387656 | 788/Б 30 Й | 120000387656 | 2 | 2.54 | N: стар фонд Дата: 01.01.1984 Бележки инв: Ирена_Линк Съставил: Ирена_Линкова | Нотни издания | |
| Не е изгубен | Universal Decimal Classification | Не е повреден | без рестрикции | заемане за дома | 670093 | Регионална библиотека "Любен Каравелов" Русе | Регионална библиотека "Любен Каравелов" Русе | Отдел Изкуство - подръчен фонд | 1984-01-01 | Отдел Изкуство - подръчен фонд | 4.97 | 424132 | 788/Б 30 Й | 120000424132 | 3 | 2.54 | N: стар фонд Дата: 01.01.1984 Бележки инв: Ирена_Линк Съставил: Ирена_Линкова | Нотни издания |